[Event "36th Olympiad w"]
[Site "Calvia ESP"]
[Date "2004.10.28"]
[Round "13"]
[White "Hagarova,Z"]
[Black "Ciuksyte,D"]
[Result "1/2-1/2"]
[WhiteElo "2351"]
[BlackElo "2361"]
[EventDate "2004.10.15"]

1. e4 c5 2. Nf3 e6 3. d4 cxd4 4. Nxd4 a6 5. Nc3 Qc7 6. Bd3 Bd6 7. Be3 Nf6
8. h3 Nc6 9. a4 O-O 10. O-O Bf4 11. Bxf4 Qxf4 12. Nde2 Qc7 13. f4 d6 14.
Kh1 b6 15. Qe1 Bb7 16. Qh4 h6 17. Rf3 Qd8 18. Rd1 Nb4 19. Rff1 Nxd3 20.
cxd3 Rc8 21. Qf2 Qc7 22. Rc1 Qc5 23. Qe1 Qb4 24. Qd2 Rfd8 25. Rc2 Qc5 26.
Rcc1 Qh5 27. Qe3 Qa5 28. Rfd1 Qb4 29. Qd2 Kf8 30. b3 Kg8 31. Qb2 Qa5 32. b4
Qh5 33. Kg1 d5 34. e5 d4 35. exf6 dxc3 36. Nxc3 Qh4 37. Qf2 Qxf2+ 38. Kxf2
gxf6 39. Ke3 Kf8 40. g3 Ke7 41. Ne2 Bc6 42. a5 bxa5 43. bxa5 Ba4 44. Rxc8
Rxc8 45. Rb1 Rc5 46. Ra1 Bd7 47. h4 Rc2 48. Nd4 Rg2 49. Kf3 Rb2 50. Ke3 Kd6
51. Ne2 e5 52. Nc3 Ke7 53. Nd5+ Ke6 54. Nc3 Bc6 55. Ne4 Kf5 56. Rg1 Ra2 57.
g4+ Ke6 58. Nc5+ Kd6 59. Nxa6 Rxa5 60. Nb4 exf4+ 61. Kxf4 Ra4 62. Rb1 Bd7
63. d4 Ra3 64. Nc2 Rh3 65. Ne3 h5 66. Rb6+ Kc7 67. Nd5+ Kc8 68. Nxf6 Bxg4
69. Nxg4 Rxh4 70. Kg5 Rxg4+ 71. Kxh5 Rxd4 72. Rf6 Rd7 73. Kh6 Kd8 74. Kg7
Ke8 75. Kg8 Ra7 1/2-1/2

[Event "36th Olympiad w"]
[Site "Calvia ESP"]
[Date "2004.10.28"]
[Round "13"]
[White "Ivoskaite,D"]
[Black "Borosova,Z"]
[Result "0-1"]
[WhiteElo "2043"]
[BlackElo "2249"]
[EventDate "2004.10.15"]

1. d4 Nf6 2. c4 e6 3. Nf3 b6 4. a3 Bb7 5. Nc3 d5 6. Bg5 Be7 7. e3 O-O 8.
Be2 Nbd7 9. O-O Ne4 10. Bxe7 Qxe7 11. cxd5 exd5 12. Rc1 Ndf6 13. Qb3 c5 14.
dxc5 bxc5 15. Nxe4 Nxe4 16. Rfd1 Rab8 17. Qc2 f5 18. Nd2 Rbc8 19. Bf3 Ng5
20. Qb3 Rfd8 21. h3 Kh8 22. Qd3 Qf6 23. b4 Ba6 24. b5 Bb7 25. a4 Qg6 26.
Kh1 Ne4 27. Bxe4 fxe4 28. Qa3 Rf8 29. Kg1 Qf5 30. Rf1 d4 31. exd4 cxd4 32.
Rxc8 Rxc8 33. Qd6 d3 34. Qd4 Qd5 35. Qe3 h6 36. Re1 Rc2 37. f3 Qg5 38. f4
Qd5 39. Nf1 Qa2 40. Qg3 d2 41. Rd1 Rc1 42. Qg4 Qc2 43. Ne3 Rxd1+ 44. Qxd1
Qd3 45. Kf2 Bd5 46. Qg4 Bg8 47. f5 Qd4 48. Qd1 Qd3 49. f6 gxf6 50. Qh5 Qd6
51. Qxh6+ Bh7 52. Qh5 Qd7 53. Qe2 f5 54. g3 Qd4 55. Qd1 Kg7 56. Qc2 Bg6 57.
Qd1 Kh6 58. Qb3 Qa1 59. Nd1 Kh7 60. Qc2 Qd4+ 61. Ne3 Qd6 62. Ke2 Qxg3 63.
Qxd2 Bh5+ 64. Kf1 Qxh3+ 65. Ng2 Qf3+ 66. Ke1 Bf7 67. Qf2 Qc3+ 68. Kf1 Qa1+
69. Ne1 Bc4+ 70. Kg2 Qg7+ 71. Qg3 f4 72. Qxg7+ Kxg7 73. Kf2 Kf6 74. Ng2 Ke5
75. Ke1 Bd3 76. Kf2 Kf5 77. Ke1 e3 78. Kd1 Ke4 79. Ne1 f3 0-1

[Event "36th Olympiad w"]
[Site "Calvia ESP"]
[Date "2004.10.28"]
[Round "13"]
[White "Vega Gutierrez,S"]
[Black "Chang,S"]
[Result "1/2-1/2"]
[WhiteElo "2225"]
[BlackElo "2095"]
[EventDate "2004.10.15"]

1. e4 e6 2. d3 d5 3. Qe2 Nf6 4. Nf3 Be7 5. g3 b5 6. Bg2 dxe4 7. dxe4 b4 8.
Nbd2 a5 9. O-O Ba6 10. Nc4 O-O 11. Bg5 Nc6 12. Rfd1 Qe8 13. e5 Nd5 14. Qe4
h6 15. Bxe7 Qxe7 16. h4 Qc5 17. Bf1 f5 18. exf6 Rxf6 19. Ncd2 Bxf1 20. Rxf1
Nde7 21. Kg2 Rd8 22. Rad1 a4 23. Nc4 Rdf8 24. Ncd2 Kh8 25. Qd3 Qh5 26. Rde1
Rd8 27. Qe2 Qf7 28. Nc4 e5 29. Nfxe5 1/2-1/2

[Event "36th Olympiad w"]
[Site "Calvia ESP"]
[Date "2004.10.28"]
[Round "13"]
[White "Gutierrez Castillo,P"]
[Black "Cruz,Ev"]
[Result "1/2-1/2"]
[WhiteElo "2119"]
[BlackElo "2036"]
[EventDate "2004.10.15"]

1. e4 d6 2. d4 Nf6 3. Nc3 g6 4. f4 Bg7 5. Nf3 O-O 6. Bd3 Na6 7. O-O c5 8.
d5 Bg4 9. Kh1 Nc7 10. Qe1 e6 11. dxe6 fxe6 12. Qh4 Bxf3 13. Rxf3 d5 14. e5
Ne4 15. Qxd8 Raxd8 16. Bxe4 dxe4 17. Rf1 Bxe5 18. Nxe4 b6 19. c3 Nd5 20. g3
Bg7 21. Ng5 Rde8 22. Rd1 h6 23. Ne4 Nf6 24. Nd6 Rd8 25. Rd2 Nd5 26. Ne4 e5
27. a4 exf4 28. gxf4 g5 29. f5 Rxf5 30. Ng3 Rff8 31. a5 b5 32. Re2 Rde8 33.
Rxe8 Rxe8 34. Bd2 Nf4 35. Bxf4 gxf4 36. Nf5 Re5 1/2-1/2

[Event "36th Olympiad w"]
[Site "Calvia ESP"]
[Date "2004.10.28"]
[Round "13"]
[White "Gaponenko,I"]
[Black "Radziewicz,I"]
[Result "1-0"]
[WhiteElo "2445"]
[BlackElo "2449"]
[EventDate "2004.10.15"]

1. e4 e6 2. d4 d5 3. exd5 exd5 4. Nf3 Be6 5. Bd3 Nc6 6. O-O h6 7. Re1 Qf6
8. Bb5 Nge7 9. Ne5 O-O-O 10. c3 Bf5 11. Qa4 a6 12. Bf1 Nxe5 13. dxe5 Qc6
14. Qd4 Qg6 15. Nd2 Nc6 16. Qa4 Bc2 17. Qf4 Qf5 18. Nf3 Bc5 19. b4 Bb6 20.
b5 Qxf4 21. Bxf4 axb5 22. Bxb5 Be4 23. Nd2 Bf5 24. Nb3 Na7 25. Bf1 c5 26.
Be3 d4 27. cxd4 cxd4 28. Bd2 Be6 29. Rec1+ Nc6 30. Rab1 Rd5 31. Ba6 Bd7 32.
Na1 Kc7 33. Bc4 Rxe5 34. Bf4 f6 35. Rb5 Ba5 36. Nb3 Bc3 37. Nc5 Bc8 38. Na4
Bb4 39. Bd5 Bd6 40. Bxe5 fxe5 41. Be4 Bd7 42. Nc5 Bxc5 43. Rbxc5 Re8 44. a4
Kd6 45. Rb5 Nd8 46. Rd5+ Ke6 47. f4 Nc6 48. fxe5 Ra8 49. Rd6+ Ke7 50. Bxc6
Bxc6 51. Rxd4 Ra5 52. Re1 Ke6 53. Kf2 Rc5 54. Re2 Rc3 55. Rd6+ Ke7 56. Rg6
Kf7 57. Rg3 Rxg3 58. Kxg3 Bxa4 59. e6+ Kf6 60. e7 Be8 61. Kf2 Kf7 62. Ke1
Bb5 63. Re3 Bc6 64. Kd2 Ke8 65. g3 Bd5 66. Kc3 Bf7 67. Kd4 Kd7 68. Kc5 Be8
69. Kb6 Kd6 70. Kxb7 Kd7 71. Re1 Bg6 72. Kb6 Bf7 73. Kc5 Bg6 74. Re5 Be8
75. h4 Bg6 76. Kd4 Bf7 77. Ke4 Bg6+ 78. Kf4 Bf7 79. g4 Ke8 80. Ke4 Kd7 81.
Kf5 Ke8 82. g5 hxg5 83. hxg5 Kd7 84. g6 Be8 85. Re6 Kc7 86. Ke5 Kd7 87. Kd5
Kc7 88. Rd6 1-0

[Event "36th Olympiad w"]
[Site "Calvia ESP"]
[Date "2004.10.28"]
[Round "13"]
[White "Alexandrova,O"]
[Black "Dworakowska,J"]
[Result "0-1"]
[WhiteElo "2442"]
[BlackElo "2393"]
[EventDate "2004.10.15"]

1. d4 Nf6 2. c4 g6 3. Nc3 Bg7 4. e4 d6 5. Be2 O-O 6. Nf3 e5 7. Be3 c6 8. d5
Na6 9. O-O Ne8 10. Ne1 f5 11. dxc6 bxc6 12. f3 Nec7 13. Nc2 Ne6 14. Qd2 c5
15. Nd5 Nb8 16. b4 Nc6 17. b5 Ncd4 18. Rab1 Bb7 19. a4 fxe4 20. fxe4 Qh4
21. Bd3 Rae8 22. a5 Nxc2 23. Bxc2 Nd4 24. Bd3 Bxd5 25. cxd5 c4 26. Bg5 Qg4
27. h3 Qg3 28. Bxc4 Nf3+ 29. Rxf3 Rxf3 30. b6 axb6 31. axb6 Ref8 32. Rf1
Rxf1+ 33. Bxf1 Qb3 34. Be3 Qb1 35. Qd3 Qb4 36. Bf2 Bh6 37. Qe2 Bc1 38. Qg4
Bb2 39. Qe6+ Kg7 40. b7 Qxb7 41. Be2 Rf6 42. Qg4 Qb4 43. Bf3 Rf7 44. Kh2
Bc1 45. Bg3 Be3 46. h4 h5 47. Qe6 Qb1 48. Bxe5+ dxe5 49. Qxe5+ Kh7 50. Qe6
Qg1+ 51. Kh3 Rxf3+ 52. gxf3 Qf1+ 53. Kg3 Qf2+ 54. Kh3 Qf1+ 55. Kh2 Bf4+ 0-1

[Event "36th Olympiad w"]
[Site "Calvia ESP"]
[Date "2004.10.28"]
[Round "13"]
[White "Cramling,P"]
[Black "Maric,A"]
[Result "1/2-1/2"]
[WhiteElo "2477"]
[BlackElo "2418"]
[EventDate "2004.10.15"]

1. d4 d5 2. Nf3 e6 3. g3 c5 4. Bg2 cxd4 5. O-O Nf6 6. Nxd4 e5 7. Nb3 Be6 8.
c4 Nc6 9. cxd5 Nxd5 10. Nc3 Nxc3 11. bxc3 Be7 12. Be3 O-O 13. Nc5 Bxc5 14.
Bxc5 Qxd1 15. Rfxd1 Rfd8 16. Rxd8+ Rxd8 17. Bxc6 bxc6 18. Bxa7 Ra8 19. Bc5
Rxa2 20. Rxa2 1/2-1/2

[Event "36th Olympiad w"]
[Site "Calvia ESP"]
[Date "2004.10.28"]
[Round "13"]
[White "Bojkovic,N"]
[Black "Agrest,S"]
[Result "1/2-1/2"]
[WhiteElo "2398"]
[BlackElo "2238"]
[EventDate "2004.10.15"]

1. e4 e5 2. Nf3 Nc6 3. Bc4 Nf6 4. d3 Bc5 5. c3 d6 6. h3 h6 7. Bb3 a6 8.
Nbd2 Ba7 9. g4 d5 10. Qe2 dxe4 11. dxe4 Qe7 12. Nf1 Be6 13. Ng3 g6 14. Ba4
b5 15. Bb3 Na5 16. Bxe6 Qxe6 17. b3 h5 18. Ng5 Qe7 19. Qf3 hxg4 20. hxg4
Rxh1+ 21. Nxh1 Nd7 22. Ng3 f6 23. Nh3 O-O-O 24. b4 Nc4 25. a4 Kb7 26. axb5
axb5 27. Qe2 Bb6 28. Ng1 Ra8 29. Rxa8 Kxa8 30. Nf3 c6 31. Qa2+ Kb7 32. Nd2
Nxd2 33. Bxd2 Qd6 34. Ke2 Nf8 35. Qf7+ Ka6 36. Qa2+ Kb7 37. Qf7+ Ka6 38.
Nf1 Ne6 39. Qxg6 Nf4+ 40. Bxf4 exf4 41. Qg8 Kb7 42. Qf7+ Kb8 43. Qg8+ Kb7
44. Qa2 Qe5 45. Qc2 Qg5 46. Qd3 Qxg4+ 47. Ke1 f3 48. Ng3 Qf4 49. Qd7+ Kb8
50. Qe8+ Kb7 51. Qd7+ Kb8 52. Qe8+ Kb7 1/2-1/2

[Event "36th Olympiad w"]
[Site "Calvia ESP"]
[Date "2004.10.28"]
[Round "13"]
[White "Johansson,V"]
[Black "Benderac,A"]
[Result "1/2-1/2"]
[WhiteElo "2189"]
[BlackElo "2299"]
[EventDate "2004.10.15"]

1. d4 Nf6 2. c4 g6 3. Nc3 d5 4. Bf4 Bg7 5. e3 c6 6. h3 O-O 7. Nf3 Qa5 8.
Nd2 Ne4 9. Ndxe4 dxe4 10. Qd2 e5 11. Bxe5 Bxe5 12. dxe5 Rd8 13. Qc2 Na6 14.
Be2 Nb4 15. Qb3 Nd3+ 16. Bxd3 exd3 17. O-O Qxe5 18. Rad1 b5 19. cxb5 Be6
20. Qa4 cxb5 21. Qxb5 Qxb5 22. Nxb5 d2 23. b3 Bf5 24. Nd4 Bd3 25. Nc6 Re8
26. Rxd2 Bxf1 27. Kxf1 Re6 28. Nd4 Rb6 29. Rc2 Kf8 30. Rc7 a6 31. Ke2 h6
32. h4 Re8 33. g3 Re7 34. Rc8+ Kg7 35. Kd3 Rf6 36. Rc2 Rd6 37. Rc8 Rf6 38.
Rc2 Rd7 39. Ke2 Rb6 40. Rc5 Kf6 41. Kd3 Ke7 42. Rc8 Kd6 43. Rh8 h5 44. Rc8
Rc7 45. Rxc7 Kxc7 46. Kc4 Rf6 47. f4 Rd6 48. e4 Rd8 49. a4 a5 50. Kc5 Re8
51. Nb5+ Kd7 52. Nd6 Rb8 53. Nxf7 Rxb3 54. Ne5+ Ke8 55. Nxg6 Rxg3 56. f5
Ra3 57. Kb5 Re3 58. e5 Rf3 59. f6 Rf5 60. Kxa5 Kf7 61. Nh8+ Ke6 62. Ng6 Kf7
63. Nh8+ 1/2-1/2

[Event "36th Olympiad w"]
[Site "Calvia ESP"]
[Date "2004.10.28"]
[Round "13"]
[White "Kaps,D"]
[Black "Voiska,M"]
[Result "0-1"]
[WhiteElo "2236"]
[BlackElo "2380"]
[EventDate "2004.10.15"]

1. e4 c5 2. f4 Nc6 3. Nc3 g6 4. Nf3 Bg7 5. Bc4 e6 6. O-O Nge7 7. d3 O-O 8.
e5 d6 9. exd6 Nf5 10. Ne4 b6 11. c3 Na5 12. Qe2 Nxd6 13. Nfg5 h6 14. Nxd6
Qxd6 15. Ne4 Qc6 16. Bd2 Nxc4 17. dxc4 Bb7 18. Rae1 f5 19. Ng3 Rae8 20. Rf2
e5 21. Qf1 exf4 22. Bxf4 Rxe1 23. Qxe1 Re8 24. Qd2 Kh7 25. h4 Qf6 26. h5 g5
27. Bc7 f4 28. Qd3+ Kh8 29. Nf5 Re1+ 30. Kh2 Qf7 31. Rd2 Qxh5+ 32. Qh3 Rh1+
0-1

[Event "36th Olympiad w"]
[Site "Calvia ESP"]
[Date "2004.10.28"]
[Round "13"]
[White "Velcheva,M"]
[Black "Krivec,J"]
[Result "1-0"]
[WhiteElo "2299"]
[BlackElo "2214"]
[EventDate "2004.10.15"]

1. e4 e5 2. Nf3 Nc6 3. d4 exd4 4. Nxd4 Nf6 5. Nxc6 bxc6 6. e5 Qe7 7. Qe2
Nd5 8. c4 Nb6 9. Nc3 Ba6 10. b3 O-O-O 11. Bb2 Re8 12. f4 f6 13. Ne4 d5 14.
Nd2 dxc4 15. O-O-O fxe5 16. fxe5 Kb8 17. Qe4 Qg5 18. Kb1 Bb7 19. Nxc4 c5
20. Qc2 Nd5 21. a3 Be7 22. Bd3 Rd8 23. Be4 Ne3 24. Nxe3 Qxe3 25. Bxb7 Kxb7
26. Qc4 Qg5 27. Qe4+ Kb8 28. Rhf1 Qh5 29. Rxd8+ Rxd8 30. h3 Rd1+ 31. Rxd1
Qxd1+ 32. Ka2 Qd2 33. Qc6 Qd8 34. a4 Qd2 35. Qe8+ Qd8 36. Qf7 Qf8 37. Qd5
a5 38. Qc6 c4 39. Qxc4 Bb4 40. e6 Qe7 41. Qb5+ Kc8 42. Qa6+ Kb8 43. Bd4 Bc5
44. Bxc5 Qxc5 45. Qb5+ Qxb5 46. axb5 Kc8 47. Ka3 Kd8 48. Ka4 Ke7 49. Kxa5
Kxe6 50. b6 cxb6+ 51. Kxb6 Kd7 52. Kc5 1-0

[Event "36th Olympiad w"]
[Site "Calvia ESP"]
[Date "2004.10.28"]
[Round "13"]
[White "Petrenko,S"]
[Black "Danielian,E"]
[Result "1/2-1/2"]
[WhiteElo "2323"]
[BlackElo "2437"]
[EventDate "2004.10.15"]

1. e4 c6 2. d4 d5 3. Nc3 dxe4 4. Nxe4 Nd7 5. Bc4 Ngf6 6. Ng3 e6 7. Nf3 c5
8. O-O cxd4 9. Nxd4 Bc5 10. c3 O-O 11. b4 Bb6 12. Bb3 a5 13. Bb2 Ne5 14. a3
Bxd4 15. cxd4 Ng6 16. bxa5 Rxa5 17. Bc3 Ra8 18. Bb4 Re8 19. Re1 Bd7 20. d5
exd5 21. Bxd5 Rxe1+ 22. Bxe1 Nxd5 23. Qxd5 Qf6 24. Rd1 Bc6 25. Qd4 Qxd4 26.
Rxd4 h5 27. Bb4 h4 28. Nf5 h3 29. f3 Re8 30. Kf2 hxg2 31. Kxg2 Re5 32. Rd8+
Kh7 33. Nd4 Bd5 34. Bd2 Rh5 35. Kg3 Bc4 36. Kg2 b5 37. f4 Ne7 38. Kg3 Nf5+
39. Nxf5 Rxf5 40. Bb4 Rf6 41. Rd6 Rf5 42. h4 Be6 1/2-1/2

[Event "36th Olympiad w"]
[Site "Calvia ESP"]
[Date "2004.10.28"]
[Round "13"]
[White "Mkrtchian,L"]
[Black "Susterman,A"]
[Result "1-0"]
[WhiteElo "2374"]
[BlackElo "2299"]
[EventDate "2004.10.15"]

1. e4 c5 2. Nf3 Nc6 3. d4 cxd4 4. Nxd4 g6 5. c4 Bg7 6. Nc2 d6 7. Be2 f5 8.
exf5 Bxf5 9. O-O Nh6 10. Nc3 O-O 11. Bg5 Qd7 12. Qd2 Nf7 13. Be3 Bxc2 14.
Qxc2 Nd4 15. Qd2 Nxe2+ 16. Nxe2 Ne5 17. Rac1 b6 18. b3 Rf7 19. h3 Raf8 20.
Qd5 e6 21. Qd2 Nf3+ 22. gxf3 Rxf3 23. Rcd1 e5 24. Qd5+ Kh8 25. Qe4 Qxh3 26.
Bg5 Bf6 27. Bh6 Bg7 28. Bg5 Bf6 29. Bh6 Bg7 30. Bc1 Qd7 31. Ng3 Qf7 32. Be3
h5 33. Kg2 Qe6 34. Rh1 Qf6 35. Rd2 Kg8 36. Qd5+ Rf7 37. Ne4 Qf5 38. Nxd6
Qg4+ 39. Kf1 e4 40. Nxf7 Rxf7 41. Qg5 Qf3 42. Rd8+ Kh7 43. Rg1 Rf6 44. Qg3
Qf5 45. Rd6 1-0

[Event "36th Olympiad w"]
[Site "Calvia ESP"]
[Date "2004.10.28"]
[Round "13"]
[White "Smokina,K"]
[Black "Andriasian,S"]
[Result "0-1"]
[WhiteElo "2267"]
[BlackElo "2206"]
[EventDate "2004.10.15"]

1. c4 c5 2. Nc3 Nf6 3. g3 e6 4. Bg2 d5 5. d3 d4 6. Ne4 Nxe4 7. Bxe4 Bd6 8.
Bg2 O-O 9. Nf3 Nc6 10. O-O f5 11. Ne1 f4 12. Be4 Qf6 13. Bxf4 Bxf4 14. gxf4
e5 15. f5 Ne7 16. Ng2 Nxf5 17. Bxf5 Bxf5 18. f3 Bh3 19. Rf2 Qg5 20. Qc1 Qh5
21. a3 Rf6 22. b4 b6 23. Ra2 Rd8 24. bxc5 bxc5 25. Rb2 Rb6 26. Rb5 Rdb8 27.
f4 Qh6 28. Rxb6 Rxb6 29. Qf1 e4 30. dxe4 Qg6 31. f5 Qg4 32. Rf4 Qg5 33. Rf2
Rb2 34. f6 gxf6 35. e3 Rxf2 36. Qxf2 dxe3 37. Qg3 e2 38. Qxg5+ fxg5 39. Ne1
Be6 40. Kf2 Bxc4 41. Nf3 h6 42. Ke1 Kg7 43. h4 g4 44. Ne5 g3 45. Nf3 Bd3
46. e5 c4 47. Kd2 g2 0-1

[Event "36th Olympiad w"]
[Site "Calvia ESP"]
[Date "2004.10.28"]
[Round "13"]
[White "Hoang Xuan Thanh Khiet"]
[Black "Berzina,I"]
[Result "1-0"]
[WhiteElo "2144"]
[BlackElo "2240"]
[EventDate "2004.10.15"]

1. e4 c6 2. d4 g6 3. Be3 Bg7 4. Nc3 d5 5. exd5 cxd5 6. Nf3 Nc6 7. Be2 Nh6
8. Bf4 O-O 9. Nb5 Bg4 10. c3 a6 11. Na3 Rc8 12. O-O f6 13. h3 Bf5 14. Qd2
Nf7 15. Rad1 b5 16. Nc2 Nd6 17. Ne3 Be6 18. Bd3 Bf7 19. Bb1 Ne4 20. Qe1 Nd6
21. Ng4 Kh8 22. Bh6 Bxh6 23. Nxh6 Be8 24. Ng4 Bd7 25. Ne3 Be6 26. h4 Qd7
27. Qe2 Na5 28. Rfe1 Bf7 29. Nh2 f5 30. Nf3 Ne4 31. Ne5 Qe6 32. Nf1 Bg8 33.
Nd3 Qf6 34. f3 Qxh4 35. fxe4 fxe4 36. Ne5 Rf5 37. g3 Qg5 38. Qe3 Qf6 39.
Nh2 Rf8 40. Nd7 Qd6 41. Nxf8 Nc4 42. Qe2 Qxg3+ 43. Qg2 Qh4 44. Kh1 Rxf8 45.
Qg4 Qh6 46. Qg3 Rf3 47. Qb8 Rf2 48. Rf1 Qh4 49. Rxf2 Qxf2 50. Rf1 Qe3 51.
Rf8 Qe1+ 52. Nf1 Qh4+ 53. Kg1 Qg5+ 54. Qg3 Qh6 55. Rf2 Qc1 56. b3 e3 57.
Re2 Qxb1 58. bxc4 Bf7 59. Qxe3 dxc4 60. Qxe7 Kg8 61. Rf2 1-0

[Event "36th Olympiad w"]
[Site "Calvia ESP"]
[Date "2004.10.28"]
[Round "13"]
[White "Makropoulou,M"]
[Black "Marrero,Y"]
[Result "1/2-1/2"]
[WhiteElo "2270"]
[BlackElo "2272"]
[EventDate "2004.10.15"]

1. e4 e5 2. Nf3 Nc6 3. d4 exd4 4. Nxd4 Bc5 5. Nxc6 Qf6 6. Qd2 dxc6 7. Nc3
Ne7 8. Na4 Bd6 9. Bd3 Ng6 10. Qg5 Nf4 11. Bxf4 Bxf4 12. Qxf6 gxf6 13. Nc3
Be6 14. Ne2 Bd6 15. f4 O-O-O 16. O-O-O Bg4 17. Rdf1 Bxe2 18. Bxe2 h5 19. g3
Rde8 20. Bd3 h4 21. g4 h3 22. Rhg1 Rh4 23. Kd1 Rg8 24. Rf3 Rgxg4 25. Rxg4
Rxg4 26. Rxh3 Bxf4 27. Rh8+ Kd7 28. h3 Rg2 29. Ke1 Rh2 30. Kf1 Be3 31. b3
Kd6 32. Rh5 Rf2+ 33. Ke1 Rh2 34. Kf1 Rf2+ 35. Ke1 Rh2 36. Kf1 Rf2+ 37. Ke1
Rh2 1/2-1/2

[Event "36th Olympiad w"]
[Site "Calvia ESP"]
[Date "2004.10.28"]
[Round "13"]
[White "Ramon,V"]
[Black "Fakhiridou,E"]
[Result "1-0"]
[WhiteElo "2251"]
[BlackElo "2258"]
[EventDate "2004.10.15"]

1. d4 d6 2. c4 e5 3. e3 Nd7 4. Nc3 g6 5. Nf3 Bg7 6. Be2 Ngf6 7. O-O O-O 8.
Qc2 c6 9. Rd1 Qc7 10. b3 Re8 11. Bb2 a6 12. Rac1 Qa5 13. a3 e4 14. b4 Qf5
15. Nd2 d5 16. Rf1 Qg5 17. cxd5 cxd5 18. Nd1 Nb6 19. f4 exf3 20. Nxf3 Qh6
21. Ne5 Be6 22. Bf3 Rac8 23. Qe2 Qg5 24. Nf2 Nfd7 25. Rxc8 Rxc8 26. Ned3
Nc4 27. Bc1 Qe7 28. Nc5 Nxc5 29. dxc5 Ne5 30. Nd3 Nxf3+ 31. Qxf3 Bf5 32.
Nf2 Rd8 33. Rd1 Be4 34. Nxe4 dxe4 35. Qe2 Rd7 36. Rxd7 Qxd7 37. Qd2 Qg4 38.
h3 Qh4 39. a4 Be5 40. b5 axb5 41. axb5 Qf6 42. Ba3 h5 43. Bb4 Kg7 44. Ba5
Qe6 45. Bc3 Bxc3 46. Qxc3+ Kh7 47. c6 bxc6 48. bxc6 Qc8 49. Qc4 Qc7 50.
Qxe4 Qd6 51. Qc2 Qc7 52. Qc4 Kg8 53. Qc5 Kg7 54. Qd4+ Kf8 55. Qd5 Ke7 56.
Kf2 Qd6 57. e4 f6 58. Ke2 Qc7 59. Qc5+ Qd6 60. Qc4 Kd8 61. Qd5 Kc7 62. Qf7+
Kxc6 63. Qxg6 Qe5 64. Qf5 Qb2+ 65. Kf3 Qc3+ 66. Kf2 Qd2+ 67. Kg3 Qh6 68.
Kh4 Qg7 69. Kxh5 Qxg2 70. Qxf6+ Kd7 71. Qf7+ Kd8 72. Qf5 Qe2+ 73. Kh6 Qa6+
74. Qg6 Qf1 75. Qf5 Qa6+ 76. Kg7 Qa7+ 77. Kg6 Ke8 78. Qe6+ Kf8 79. Qf6+ Ke8
80. Qh8+ 1-0

[Event "36th Olympiad w"]
[Site "Calvia ESP"]
[Date "2004.10.28"]
[Round "13"]
[White "Hernandez,Yu"]
[Black "Peptan,C"]
[Result "0-1"]
[WhiteElo "2201"]
[BlackElo "2429"]
[EventDate "2004.10.15"]

1. e4 c5 2. Nf3 d6 3. d4 cxd4 4. Nxd4 Nf6 5. Nc3 a6 6. Be2 e5 7. Nb3 Be7 8.
O-O O-O 9. Kh1 Be6 10. f4 exf4 11. Bxf4 Nc6 12. Qe1 Ne5 13. Rd1 Qc7 14. Nd4
Rfe8 15. Qg3 Kh8 16. Bg5 Ned7 17. Bf4 Bf8 18. Rd2 Ne5 19. Rfd1 b5 20. a3
Qb7 21. Bxe5 dxe5 22. Nxe6 Rxe6 23. Qe3 Qc7 24. Nd5 Nxd5 25. exd5 Rh6 26.
Qe4 Re8 27. c4 bxc4 28. Rc1 Qd8 29. Rxc4 Qg5 30. Rdc2 f5 31. Qf3 e4 32. Qf2
Bd6 33. h3 Rf6 34. Rc8 Rff8 35. Rxe8 Rxe8 36. Bxa6 Qf6 37. Rc8 Rxc8 38.
Bxc8 Qe5 39. g3 e3 40. Qf4 0-1

[Event "36th Olympiad w"]
[Site "Calvia ESP"]
[Date "2004.10.28"]
[Round "13"]
[White "Olarasu,G"]
[Black "Gonzalez Perez,L"]
[Result "1-0"]
[WhiteElo "2325"]
[BlackElo "2152"]
[EventDate "2004.10.15"]

1. d4 d5 2. c4 c6 3. Nc3 Nf6 4. e3 g6 5. b3 Bg7 6. Bb2 O-O 7. Be2 Re8 8.
Rc1 e6 9. Nf3 Nbd7 10. O-O b6 11. b4 Bb7 12. Qb3 Rb8 13. Rfd1 Qe7 14. Ne5
c5 15. Nxd7 Nxd7 16. cxd5 cxb4 17. dxe6 fxe6 18. Nb1 Qg5 19. Bf1 a5 20. f4
Qg4 21. Rd2 Nf6 22. Qd1 Bd5 23. Bb5 Qxd1+ 24. Rdxd1 Rec8 25. a3 Bf8 26. h3
Bd6 27. axb4 Bxb4 28. Nc3 Bxc3 29. Bxc3 Ne4 30. Be1 Bb3 31. Ba6 Bxd1 32.
Bxc8 Bb3 33. Kf1 b5 34. Bxa5 Nd6 35. Bd7 Bc4+ 36. Ke1 Rb7 37. Bc6 Ra7 38.
Bd2 Ra2 39. g4 Kf7 40. Bf3 Ne8 41. Be2 Nf6 42. Bf3 Ne8 43. h4 Ra3 44. h5
Nf6 45. hxg6+ hxg6 46. Bc3 Nd5 47. Bxd5 exd5 48. Rc2 b4 49. Bxb4 Rxe3+ 50.
Kf2 Re4 51. Bd2 Rxd4 52. Rb2 Re4 53. Rb7+ Re7 54. Rb2 Re4 55. Be3 Kf6 56.
Kf3 Kf7 57. Rb7+ Re7 58. Rb6 Bd3 59. Bd4 Be4+ 60. Kg3 Re6 61. Rb2 Bd3 62.
Rh2 Re4 63. Rh7+ Kg8 64. Rh8+ Kf7 65. Bc5 Rc4 66. Rc8 Bb1 67. Kh4 Ra4 1-0

[Event "36th Olympiad w"]
[Site "Calvia ESP"]
[Date "2004.10.28"]
[Round "13"]
[White "Peng Zhaoqin"]
[Black "Ortiz,Na"]
[Result "1-0"]
[WhiteElo "2420"]
[BlackElo "2148"]
[EventDate "2004.10.15"]

1. Nf3 Nf6 2. c4 g6 3. Nc3 Bg7 4. e4 d6 5. d4 O-O 6. Be3 e5 7. dxe5 dxe5 8.
Qxd8 Rxd8 9. Nd5 Ne8 10. O-O-O Bd7 11. c5 Nc6 12. Bc4 h6 13. h3 Be6 14. Bb3
Kf8 15. Rhe1 Ne7 16. Kc2 c6 17. Nb4 Bxb3+ 18. Kxb3 Nc7 19. Nd2 Rd7 20. Nc4
Rad8 21. Rxd7 Rxd7 22. Kc2 Nc8 23. Na5 Ne6 24. Rd1 Rxd1 25. Kxd1 Nd8 26. g4
g5 27. Ke2 Ke7 28. Nc4 Kd7 29. Nd3 f6 30. h4 Ne6 31. h5 Bf8 32. Kd2 Kc7 33.
Kc3 Kd7 34. a4 Kc7 35. Nd2 Kd7 36. Nf1 Kc7 37. Ng3 Ng7 38. b4 a6 39. Nb2
Na7 40. Nc4 Nc8 41. Kd3 Be7 42. Bd2 Bd8 43. Bc3 Kd7 44. Ne3 Ne7 45. Kc4 Bc7
46. b5 axb5+ 47. axb5 Bd8 48. Kb4 Bc7 49. b6 Bd8 50. Nc4 Ne8 51. Bb2 Kc8
52. Ba3 Kd7 53. Kc3 Kc8 54. Nd6+ Nxd6 55. cxd6 Ng8 56. Bc5 Kd7 57. Nf5 Ke6
58. Ne3 f5 59. gxf5+ Kd7 60. Ng4 Bf6 61. Kc4 Bg7 62. f3 Kc8 63. Ba3 Nf6 64.
Nxe5 Nxh5 65. Nf7 Ng3 66. e5 Nxf5 67. e6 1-0

[Event "36th Olympiad w"]
[Site "Calvia ESP"]
[Date "2004.10.28"]
[Round "13"]
[White "Palao,M"]
[Black "Schuurman,P"]
[Result "0-1"]
[WhiteElo "2128"]
[BlackElo "2333"]
[EventDate "2004.10.15"]

1. c4 c5 2. Nf3 g6 3. e4 Bg7 4. d4 cxd4 5. Nxd4 Nc6 6. Be3 Nf6 7. Nc3 Ng4
8. Qxg4 Nxd4 9. Qd1 Ne6 10. Be2 Qa5 11. Qd2 b6 12. Rc1 Bb7 13. f3 h5 14.
O-O g5 15. Rfd1 d6 16. b3 Qe5 17. Nd5 h4 18. Qc3 Qxc3 19. Nxc3 Be5 20. h3
Bf4 21. Bxf4 Nxf4 22. Bf1 Ng6 23. Nb5 O-O 24. Nc7 Rac8 25. Nd5 Rfd8 26. Rc2
Kf8 27. Rcd2 Ne5 28. Kf2 Bxd5 29. Rxd5 f6 30. Ke3 Ng6 31. R5d2 Rc7 32. Kf2
Kf7 33. Ke3 Rdc8 34. Be2 Rc5 35. Rd5 Nf4 36. Rxc5 bxc5 37. Bf1 Rb8 38. Rb1
Ke6 39. Rb2 Kd7 40. Kd2 Ng6 41. Bd3 Ne5 42. Kc3 Nc6 43. Be2 Ke6 44. Kd3 Ke5
45. Ke3 Nd4 46. Bd1 a5 47. a4 Rb4 48. Rb1 e6 49. Rb2 d5 50. exd5 exd5 51.
cxd5 c4 52. d6 c3 53. Ra2 Nf5+ 54. Ke2 Nxd6 55. Bc2 Rd4 56. Bd3 Rd5 57. Rc2
Kd4 58. Bg6 Re5+ 59. Kd1 Nb7 60. Re2 Rxe2 61. Kxe2 Nc5 62. Bc2 Ne6 63. Kf2
Kc5 64. g3 Nd4 65. gxh4 Nxc2 66. h5 Nb4 67. h6 Nd3+ 0-1

[Event "36th Olympiad w"]
[Site "Calvia ESP"]
[Date "2004.10.28"]
[Round "13"]
[White "Muhren,B"]
[Black "Chirivi,Y"]
[Result "1-0"]
[WhiteElo "2343"]
[BlackElo "2070"]
[EventDate "2004.10.15"]

1. e4 c5 2. Nf3 e6 3. d4 cxd4 4. Nxd4 Nc6 5. Be3 Nf6 6. Nc3 Bb4 7. f3 d5 8.
Nxc6 bxc6 9. e5 Nd7 10. f4 Qa5 11. Bd2 Ba6 12. a3 Bxc3 13. Bxc3 Qa4 14. Qd4
Qxd4 15. Bxd4 Bxf1 16. Rxf1 c5 17. Bg1 Ke7 18. b4 Rhc8 19. Kd2 cxb4 20.
axb4 Rc4 21. Bxa7 Rac8 22. c3 Ke8 23. Bd4 Rb8 24. Ra6 Rcc8 25. Rfa1 Rb5 26.
Rd6 Rc7 27. Ra8+ Ke7 28. Rg8 g6 29. Bf2 Rcb7 30. Bh4+ f6 31. Rg7+ Kf8 32.
exf6 Nxf6 33. Bxf6 Rxg7 34. Bxg7+ Kxg7 35. Rxe6 Rb7 36. Kd3 Kh6 37. Re5 Ra7
38. Rxd5 1-0

[Event "36th Olympiad w"]
[Site "Calvia ESP"]
[Date "2004.10.28"]
[Round "13"]
[White "Borsuk,A"]
[Black "Jackova,J"]
[Result "1/2-1/2"]
[WhiteElo "2306"]
[BlackElo "2408"]
[EventDate "2004.10.15"]

1. d4 d5 2. c4 e6 3. Nf3 dxc4 4. e3 Nf6 5. Bxc4 a6 6. O-O c5 7. dxc5 Qxd1
8. Rxd1 Bxc5 9. Nbd2 O-O 10. Nb3 Be7 1/2-1/2

[Event "36th Olympiad w"]
[Site "Calvia ESP"]
[Date "2004.10.28"]
[Round "13"]
[White "Vasiliev,Olg"]
[Black "Cedikova,K"]
[Result "1-0"]
[WhiteElo "2167"]
[BlackElo "2263"]
[EventDate "2004.10.15"]

1. e4 c5 2. Nf3 d6 3. d4 cxd4 4. Nxd4 Nf6 5. Nc3 g6 6. f4 Nc6 7. Nf3 Bg7 8.
Bd3 O-O 9. O-O a6 10. Qe1 b5 11. Kh1 Bb7 12. Qh4 e6 13. f5 Nd7 14. Qh3 exf5
15. Bh6 Nce5 16. Ng5 Nf6 17. exf5 Nxd3 18. cxd3 Nh5 19. Bxg7 Kxg7 20. Nce4
Bxe4 21. Nxe4 d5 22. f6+ Kg8 23. Ng5 h6 24. g4 hxg5 25. gxh5 Qc8 26. Qg2 g4
27. hxg6 fxg6 28. Qxd5+ Kh7 29. Rac1 Qe8 30. Rc7+ Kh6 31. Re7 Qd8 32. Qe4
Qd6 33. h4 Rxf6 34. Qe3+ 1-0